ARRUPE JESUIT UNIVERSITY

CORONAVIRUS -STOP THE SPREAD - CLEAN,DISINFECT,COVER

The churches search for unity. (Record no. 125632)

MARC details
000 -LEADER
fixed length control field 00763cam a2200265 4500
001 - CONTROL NUMBER
control field 3608269
003 - CONTROL NUMBER IDENTIFIER
control field ARRUPE
005 - DATE AND TIME OF LATEST TRANSACTION
control field 20161102092633.0
008 - FIXED-LENGTH DATA ELEMENTS--GENERAL INFORMATION
fixed length control field 721215s1972 enk b 001 0 eng
010 ## - LIBRARY OF CONGRESS CONTROL NUMBER
LC control number 72170600
020 ## - INTERNATIONAL STANDARD BOOK NUMBER
International Standard Book Number 0140214437
040 ## - CATALOGING SOURCE
Original cataloging agency DLC
Transcribing agency DLC
Modifying agency DLC
050 00 - LIBRARY OF CONGRESS CALL NUMBER
Classification number BX6.5
Item number .T53
082 00 - DEWEY DECIMAL CLASSIFICATION NUMBER
Classification number 262/.001
300 ## - PHYSICAL DESCRIPTION
Dimensions 19 cm.
100 1# - MAIN ENTRY--PERSONAL NAME
Personal name Till, Barry.
9 (RLIN) 27180
245 14 - TITLE STATEMENT
Title The churches search for unity.
Statement of responsibility, etc Barry Till
260 ## - PUBLICATION, DISTRIBUTION, ETC. (IMPRINT)
Place of publication, distribution, etc [Harmondsworth, Eng.,
-- Baltimore]
Name of publisher, distributor, etc Penguin Books
Date of publication, distribution, etc [1972]
300 ## - PHYSICAL DESCRIPTION
Extent 555 p.
350 ## - PRICE (NR) (BK AM CF MU VM SE) [OBSOLETE]
Price $3.50 (U.S.)
490 0# - SERIES STATEMENT
Series statement Pelican books,
Volume number/sequential designation A1443
504 ## - BIBLIOGRAPHY, ETC. NOTE
Bibliography, etc Bibliography: p. 524-[550]
650 #0 - SUBJECT ADDED ENTRY--TOPICAL TERM
Topical term or geographic name as entry element Christian union
General subdivision History.
9 (RLIN) 27181
906 ## - LOCAL DATA ELEMENT F, LDF (RLIN)
a 7
b cbc
c orignew
d 2
e ncip
f 19
g y-gencatlg
942 ## - ADDED ENTRY ELEMENTS (KOHA)
Source of classification or shelving scheme Library of Congress Classification
Koha item type Monograph ( Printed materials)
Holdings
Withdrawn status Lost status Source of classification or shelving scheme Damaged status Not for loan Collection code Home library Current library Shelving location Date acquired Total Checkouts Full call number Barcode Date last seen Price effective from Koha item type
    Library of Congress Classification     Main Collection ARRUPE LIBRARY ARRUPE LIBRARY Main Collection 02/11/2016   BX6.5 .T53 46500009982 22/11/2017 02/11/2016 Monograph ( Printed materials)

 

Arrupe Library. PO Box MP320 Mt Pleasant, Harare, Zimbabwe
263 242 745411|librarian@aju.ac.zw